UM Logo

Religion and nationalism in Asia / (Record no. 16758)

MARC details
000 -LEADER
fixed length control field 02614cam a22003978i 4500
001 - CONTROL NUMBER
control field 21051877
005 - DATE AND TIME OF LATEST TRANSACTION
control field 20220328111608.0
008 - FIXED-LENGTH DATA ELEMENTS--GENERAL INFORMATION
fixed length control field 190702s2019 nyu b 001 0 eng
010 ## - LIBRARY OF CONGRESS CONTROL NUMBER
LC control number 2019028279
020 ## - INTERNATIONAL STANDARD BOOK NUMBER
International Standard Book Number 978-0-367-77742-5
040 ## - CATALOGING SOURCE
Original cataloging agency DLC
Language of cataloging eng
Description conventions rda
Transcribing agency DLC
042 ## - AUTHENTICATION CODE
Authentication code pcc
043 ## - GEOGRAPHIC AREA CODE
Geographic area code ae-----
-- az-----
-- as-----
050 00 - LIBRARY OF CONGRESS CALL NUMBER
Classification number BL1055
Item number .R424 2019
082 00 - DEWEY DECIMAL CLASSIFICATION NUMBER
Classification number DC 322.1095
Edition number 2020
Item number R279
245 00 - TITLE STATEMENT
Title Religion and nationalism in Asia /
Statement of responsibility, etc. edited by Giorgio Shani and Takashi Kibe.
260 ## - PUBLICATION, DISTRIBUTION, ETC. (IMPRINT)
Place of publication, distribution, etc. New York, NY :
Name of publisher, distributor, etc. Routledge,
Date of publication, distribution, etc. ©2020
263 ## - PROJECTED PUBLICATION DATE
Projected publication date 1909
300 ## - PHYSICAL DESCRIPTION
Extent xi, 201 pages :
Other physical details illustrations ;
Dimensions 24 cm
490 0# - SERIES STATEMENT
Series statement Political theories in East Asian context
504 ## - BIBLIOGRAPHY, ETC. NOTE
Bibliography, etc Includes bibliographical references and index.
520 ## - SUMMARY, ETC.
Summary, etc. "This book re-examines the relationship between religion and nationalism in a contemporary Asian context, with a focus on East, South and South East Asia. Addressing empirical, analytical, and normative questions, it analyses selected case studies from across Asia, including China, India, Iraq, Japan, Pakistan, the Philippines and Sri Lanka and compares the differences and commonalities between the diverse configurations of nationalism and religion across the continent. It then goes on to explain reasons for the regional religious resurgence and asks, is the nation-state model, aligned with secularism, suitable for the region? Exploring the two interrelated issues of legacies and possibilities, this book also examines the relationship between nationalism and modernity, identifying possible and desirable trajectories which go beyond existing configurations of nationalism and religion. Bringing together a stellar line up of contributors in the field, Religion and Nationalism in Asia will be a valuable resource for students and scholars of Asian religion and politics as well as sociology, ethnicity, nationalism and comparative politics"--
650 #0 - SUBJECT ADDED ENTRY--TOPICAL TERM
Topical term or geographic name as entry element Nationalism
General subdivision Religious aspects.
9 (RLIN) 44815
650 #0 - SUBJECT ADDED ENTRY--TOPICAL TERM
Topical term or geographic name as entry element Nationalism
Geographic subdivision East Asia.
9 (RLIN) 44816
650 #0 - SUBJECT ADDED ENTRY--TOPICAL TERM
Topical term or geographic name as entry element Nationalism
General subdivision South Asia.
9 (RLIN) 44817
650 #0 - SUBJECT ADDED ENTRY--TOPICAL TERM
Topical term or geographic name as entry element Nationalism
Geographic subdivision Southeast Asia.
9 (RLIN) 44818
651 #0 - SUBJECT ADDED ENTRY--GEOGRAPHIC NAME
Geographic name East Asia
General subdivision Religion.
9 (RLIN) 44819
651 #0 - SUBJECT ADDED ENTRY--GEOGRAPHIC NAME
Geographic name South Asia
General subdivision Religion.
9 (RLIN) 44423
651 #0 - SUBJECT ADDED ENTRY--GEOGRAPHIC NAME
Geographic name Southeast Asia
General subdivision Religion.
9 (RLIN) 44820
700 1# - ADDED ENTRY--PERSONAL NAME
Personal name Shani, Giorgio,
Dates associated with a name 1970-
Relator term editor.
9 (RLIN) 44821
776 08 - ADDITIONAL PHYSICAL FORM ENTRY
Relationship information Online version:
Title Religion and nationalism in Asia
Place, publisher, and date of publication New York : Routledge, 2019.
International Standard Book Number 9780429060922
Record control number (DLC) 2019028280
365 ## - TRADE PRICE
Price amount 5,918.00
Currency code Php
906 ## - LOCAL DATA ELEMENT F, LDF (RLIN)
a 7
b cbc
c orignew
d 1
e ecip
f 20
g y-gencatlg
942 ## - ADDED ENTRY ELEMENTS (KOHA)
Source of classification or shelving scheme Dewey Decimal Classification
Koha item type Circulation
Holdings
Withdrawn status Lost status Source of classification or shelving scheme Damaged status Not for loan Collection code Home library Current library Date acquired Source of acquisition Cost, normal purchase price Total Checkouts Full call number Barcode Date last seen Copy number Price effective from Koha item type
    Dewey Decimal Classification     Circulation UM Digos College - LIC UM Digos College - LIC 02/10/2022 Purchased 5918.00   DC 322.1095 R279 2020 26416 05/15/2025 1 03/28/2022 Circulation